000 00455nam a2200157Ia 4500
008 220803s9999 xx 000 0 und d
020 _a978-0-7499-4299-1
041 _aeng
082 _a720 BER
100 _aBernstein A
_924276
245 _aMyth Of Stress : Where Stress Really Comes From And How To Live A Happier Healther Life
260 _aLondon
_bPiatkus Books
_c2010
300 _a285p
500 _aArchitecture
650 _aArchitecture
_924277
999 _c15356
_d15356